TIEMPO ESTETA Y LAS FLORECILLAS DEL TRÉBOL (Registro nro. 68656)

Detalles MARC
000 -CABECERA
campo de control de longitud fija 00892nam a22002537a 4500
003 - IDENTIFICADOR DEL NÚMERO DE CONTROL
campo de control BPGM
005 - FECHA Y HORA DE LA ÚLTIMA TRANSACCIÓN
campo de control 20260619220435.0
008 - DATOS DE LONGITUD FIJA--INFORMACIÓN GENERAL
campo de control de longitud fija 260619b mx ||||| |||| 00| 0 spa d
020 ## - NÚMERO INTERNACIONAL ESTÁNDAR DEL LIBRO
Número Internacional Estándar del Libro 978-607-7619-06-2
040 ## - FUENTE DE LA CATALOGACIÓN
Centro catalogador/agencia de origen BPGM
Lengua de catalogación spa
041 ## - CÓDIGO DE LENGUA
Código de lengua del texto/banda sonora o título independiente spa
Código de lengua original spa
082 04 - NÚMERO DE LA CLASIFICACIÓN DECIMAL DEWEY
Número de edición CQ/868M
Número de clasificación CH38
100 ## - ENTRADA PRINCIPAL--NOMBRE DE PERSONA
Nombre de persona CHAVEZ, FLORENTINO
245 ## - MENCIÓN DE TÍTULO
Título TIEMPO ESTETA Y LAS FLORECILLAS DEL TRÉBOL
300 ## - DESCRIPCIÓN FÍSICA
Extensión 38 paginas
Dimensiones 22.5 cm x 10.3 cm
336 ## - TIPO DE CONTENIDO
Fuente rdacontent
Término de tipo de contenido texto
Código de tipo de contenido txt
337 ## - TIPO DE MEDIO
Fuente rdamedia
Nombre/término del tipo de medio sin mediación
Código del tipo de medio n
338 ## - TIPO DE SOPORTE
Fuente rdacarrier
Nombre/término del tipo de soporte volumen
Código del tipo de soporte nc
505 ## - NOTA DE CONTENIDO CON FORMATO
Nota de contenido con formato EL TIEMPO ESTETA Y LAS FLORECILLAS DEL TRÉBOL ES UNA OBRA POETICA Y NARRATIVA QUE REFLEXIONA SOBRE CÓMO EL TIEMPO MODIFICA LA VIDA, LOS RECUERDOS Y LOS ESPACIOS QUE HABITAMOS.
650 ## - PUNTO DE ACCESO ADICIONAL DE MATERIA--TÉRMINO DE MATERIA
Término de materia o nombre geográfico como elemento de entrada LITERATURA Y RETÓRICA
650 ## - PUNTO DE ACCESO ADICIONAL DE MATERIA--TÉRMINO DE MATERIA
Término de materia o nombre geográfico como elemento de entrada LITERATURAS ESPAÑOLA Y PORTUGUESA
650 ## - PUNTO DE ACCESO ADICIONAL DE MATERIA--TÉRMINO DE MATERIA
Término de materia o nombre geográfico como elemento de entrada ESCRITOS VARIOS ESPAÑOLES
942 ## - ELEMENTOS DE PUNTO DE ACCESO ADICIONAL (KOHA)
Fuente del sistema de clasificación o colocación Dewey Decimal Classification
Tipo de ítem Koha Colección Querétaro
Existencias
Estado de retiro Estado de pérdida Fuente del sistema de clasificación o colocación Estado dañado No para préstamo Código de colección Localización permanente Ubicación/localización actual Ubicación en estantería Fecha de adquisición Fuente de adquisición Total de préstamos Signatura topográfica completa Fecha visto por última vez Número de copia Precio válido a partir de Tipo de ítem Koha
    Dewey Decimal Classification   Préstamo en Sala Colecciones Especiales (Quéretaro, IQM, Idiomas, SEP, Inea.) BIBLIOTECA PÚBLICA CENTRAL ESTATAL “FRANCISCO CERVANTES” BIBLIOTECA PÚBLICA CENTRAL ESTATAL “FRANCISCO CERVANTES” SALA QUERÉTARO ACCESO B PLANTA ALTA 06/19/2026 DONADO   CQ/ 868M/ CH38 06/19/2026 EJ.1 06/19/2026 Colección Querétaro
    Dewey Decimal Classification   Préstamo en Sala Colecciones Especiales (Quéretaro, IQM, Idiomas, SEP, Inea.) BIBLIOTECA PÚBLICA CENTRAL ESTATAL “FRANCISCO CERVANTES” BIBLIOTECA PÚBLICA CENTRAL ESTATAL “FRANCISCO CERVANTES” SALA QUERÉTARO ACCESO B PLANTA ALTA 06/19/2026 DONADO   CQ/ 868M/ CH38 06/19/2026 EJ.2 06/19/2026 Colección Querétaro
    Dewey Decimal Classification   Préstamo en Sala Colecciones Especiales (Quéretaro, IQM, Idiomas, SEP, Inea.) BIBLIOTECA PÚBLICA CENTRAL ESTATAL “FRANCISCO CERVANTES” BIBLIOTECA PÚBLICA CENTRAL ESTATAL “FRANCISCO CERVANTES” SALA QUERÉTARO ACCESO B PLANTA ALTA 06/19/2026 DONADO   CQ/ 868M/ CH38 06/19/2026 EJ.3 06/19/2026 Colección Querétaro